Mort subite Capitales et pays (Amérique) - Statistiques

Statistiques générales
  • Ce quiz a été pris 911 fois
  • Le résultat moyen est 6 sur 14
Answers on the Grid
Answers color-coded by a green-red scale on the quiz's grid according to % correct below.
Port-d'Espagne - Saint-Christophe-et-Niévès
Belmopan - Belize
Bridgetown - Barbade
Basseterre - Trinité-et-Tobago
San José - Honduras
Rio de janeiro - Brésil
La Havane - Cuba
Roseau - Haïti
Castries - Dominique
San Salvador - Bolivie
Lima - Nicaragua
Santiago - Chili
Panama - Panama
Bogota - Colombie
Ottawa - Canada
Port-au-Prince - Sainte-Lucie
Quito - Equateur
Paramaribo - Uruguay
Mexico - Mexique
San Salvador - Salvador
Managua - Nicaragua
Montevideo - Paraguay
Tegucigalpa - Honduras
Kingston - Saint-Vincent-et-les-Grenadines
Buenos Aires - Argentine
New York - Etats-Unis
Saint John's - Grenade
Guatemala - Guatemala
Kingstown - Jamaïque
Saint Georges - Antigua-et-Barbuda
 
Statistiques - réponses
Réponse % Correct
La Havane - Cuba
66%
Santiago - Chili
60%
Ottawa - Canada
57%
Buenos Aires - Argentine
56%
Mexico - Mexique
56%
Bogota - Colombie
53%
Panama - Panama
52%
Quito - Equateur
51%
Belmopan - Belize
45%
San Salvador - Salvador
41%
Bridgetown - Barbade
33%
Guatemala - Guatemala
30%
Managua - Nicaragua
28%
Tegucigalpa - Honduras
22%
Aucun quiz correspondant
Distribution des résultats
% des personnes avec chaque résultat
Percentile par nombre de réponses
Votre historique - résultats
Vous n’avez pas pris ce quiz